Tiny Almost Useless Trivia V Quiz Stats

 Plays Quiz Updated Sep 1, 2014

Support Sporcle.
Go Orange.
Score 0/15 Timer 02:00
1 Play Today
Question Answer % Correct
What name is shared by scientist Goodall, author Austen and social worker Addams?Jane
90.4%
What US State is the only one to border just one other state, specifically New Hampshire?Maine
87.3%
What reporter for the 'Daily Planet' was the love interest of Clark Kent?Lois Lane
87.1%
Which son of Adam and Eve killed his brother Abel in the book of Genesis?Cain
83.2%
What author brought the characters of Huck Finn and Tom Sawyer to life?Mark Twain
80.6%
What type of blood vessel almost always carries deoxygenated blood back toward the heart?vein
76%
What red-and-white striped treat is often used to decorate Christmas trees?candy cane
75.3%
What mode of transportation is an anagram of the country Nepal?plane
74.8%
Question Answer % Correct
What country defeated Netherlands to win the 2010 Men's World Cup?Spain
72.1%
What actor, famed for his many westerns, finally won an Oscar for 'True Grit' in 1969?John Wayne
65.2%
What Prince soundtrack album, to his own biographical movie, featured the song 'When Doves Cry?'Purple Rain
58.7%
What dog breed is the athletic team at U of Albany, as well as Astro on the Jetsons and Scooby Doo?Great Dane
50.9%
What Don Cornelius music TV show aired from 1971 until 2006?Soul Train
28.7%
What word for a Scottish feudal lord, similar to a count, featured prominently in Macbeth?thane
22.4%
In the original Metroid game, what was the main villain, a cybernetic human organ?Mother Brain
6.4%

You're not logged in!

Compare scores with friends on all Sporcle quizzes.
OR
Log In

From the Vault

On Capitals' Both Sides

by Onno

These world capitals are surrounded...by other large cities.
Remove Ads.
Support Sporcle.
Get the best of Sporcle when you Go Orange. This ad-free experience offers more features, more stats, and more fun while also helping to support Sporcle. Thank you for becoming a member.

Show Comments

Extras

Top Quizzes Today


Score Distribution

Your Account Isn't Verified!

In order to create a playlist on Sporcle, you need to verify the email address you used during registration. Go to your Sporcle Settings to finish the process.

Report this User

Report this user for behavior that violates our Community Guidelines.

Details: